000 01042nam a2200301 a 4500
001 000039406
003 DO-SdBNP
005 20240530073921.0
007 ta
008 130626s2007 dr 000 0 spa d
020 _a9789993462842
040 _aDO-SdBNP
_bspa
_cBNPHU
082 4 _222
_aRD863.44
_bC957i
100 1 _aCruz Mieses, Santiago de la
_924829
245 1 4 _aLas incógnitas del tugurio (novela) /
_cSantiago de la Cruz Mieses.
260 _aSanto Domingo :
_bUniversidad Autónoma de Santo Domingo,
_c2007.
300 _a182 p. ;
_c22 cm.
490 1 _aUniversidad Autónoma de Santo Domingo
_v1357
490 1 _aLiteratura y Sociedad
_vno. 73
500 _aIncluye datos biográficos del autor en la contracubierta
590 _aInventariado, 2021/MFF
650 0 _aNovela dominicana
_9223
650 4 _aLiteratura dominicana
_980473
830 0 _aUniversidad Autónoma de Santo Domingo
_v1357
_917164
830 0 _aLiteratura y Sociedad
_n73
_965609
910 _aValidado. Control de calidad MFF
942 _2ddc
_cLBS1
999 _c38896
_d38896